The importance of education in social reconstruction (Record no. 200001061)
[ view plain ]
| 000 -LEADER | |
|---|---|
| fixed length control field | 00630 a2200205 4500 |
| 001 - CONTROL NUMBER | |
| control field | 200001061 |
| 003 - CONTROL NUMBER IDENTIFIER | |
| control field | TR-AnTOB |
| 005 - DATE AND TIME OF LATEST TRANSACTION | |
| control field | 20240730162515.0 |
| 008 - FIXED-LENGTH DATA ELEMENTS--GENERAL INFORMATION | |
| fixed length control field | 161108b tu 000 0 |
| 020 ## - INTERNATIONAL STANDARD BOOK NUMBER | |
| International Standard Book Number | 9788677350826 |
| 040 ## - CATALOGING SOURCE | |
| Original cataloging agency | TR-AnTOB |
| Transcribing agency | TR-AnTOB |
| 041 ## - LANGUAGE CODE | |
| Language code of text/sound track or separate title | İngilizce |
| 050 ## - LIBRARY OF CONGRESS CALL NUMBER | |
| Classification number | LA942 |
| 100 1# - MAIN ENTRY--PERSONAL NAME | |
| Personal name | Zgaga, Pavel |
| 9 (RLIN) | 69157 |
| 245 #4 - TITLE STATEMENT | |
| Title | The importance of education in social reconstruction |
| Remainder of title | six years of the enhanced Graz process: developments, current status and future prospects of education in South-east Europe |
| 264 #1 - PRODUCTION, PUBLICATION, DISTRIBUTION, MANUFACTURE, AND COPYRIGHT NOTICE | |
| Place of production, publication, distribution, manufacture | Ljubljana, Slovenia: |
| Name of producer, publisher, distributor, manufacturer | Kultur Kontakt, |
| Date of production, publication, distribution, manufacture, or copyright notice | 2005 |
| 300 ## - PHYSICAL DESCRIPTION | |
| Extent | 117 p. |
| Dimensions | 20 cm. |
| 942 ## - ADDED ENTRY ELEMENTS (KOHA) | |
| Koha item type | Book |
| Source of classification or shelving scheme | Library of Congress Classification |
| Withdrawn status | Lost status | Not for loan | Collection code | Home library | Current library | Shelving location | Date acquired | Source of acquisition | Cost, normal purchase price | Serial Enumeration / chronology | Total Checkouts | Total Holds | Full call number | Barcode | Copy number | Cost, replacement price | Date shelved | Koha item type |
|---|---|---|---|---|---|---|---|---|---|---|---|---|---|---|---|---|---|---|
| Ödünç Verilebilir / Available | Genel Koleksiyon | Merkez Kütüphane | Merkez Kütüphane | Genel Koleksiyon / Main Collection | 11/06/2010 | Bağış / Donation | 0.00 | 1 | QX | 0033476 | 1 | 0.00 | 12/04/2010 | Book |
